LEADER 04040nam 22008293 450 001 9910795354203321 005 20220111115607.0 010 $a1-63742-116-8 035 $a(CKB)4950000000283254 035 $a(MiAaPQ)EBC6789176 035 $a(Au-PeEL)EBL6789176 035 $a(OCoLC)1285168685 035 $a(OCoLC)1281113286 035 $a(OCoLC-P)1281113286 035 $a(CaSebORM)9781637421161 035 $a(EXLCZ)994950000000283254 100 $a20211214d2021 uy 0 101 0 $aeng 135 $aurcnu|||||||| 181 $ctxt$2rdacontent 182 $cc$2rdamedia 183 $acr$2rdacarrier 200 10$aMoving the Needle with Lean OKRs $eSetting Objectives and Key Results to Reach Your Most Ambitious Goal 205 $aFirst edition. 210 1$aNew York :$cBusiness Expert Press,$d2021. 210 4$dİ2021. 215 $a1 online resource (332 pages) 225 1 $aPortfolio and project management collection,$x2156-8200 311 $a1-63742-115-X 327 $aCover -- Halftitle -- Title -- Copyright -- Dedication -- Description -- Contents -- Testimonials -- Foreword -- Preface -- Acknowledgments -- Introduction -- Part I: The Foundation and Beyond -- Chapter 1: Power Your Mission With OKRs -- Chapter 2: Overcoming Organizational Challenges -- Chapter 3: How to Write Great OKRs -- Chapter 4: Measures, Metrics, and Indicators -- Chapter 5: Cascading: Single OKRs to Rule Them All -- Chapter 6: Empowered Teams Make the Difference -- Part II: Running Successful OKR Workshops -- Chapter 7: Running a Successful OKR Setting Workshop -- Chapter 8: Align and Kickoff -- Chapter 9: Weekly OKR Check-ins -- Chapter 10: Reviewing Your OKRs -- Part III: How to Move the Needle -- Chapter 11: How to Move the Needle? -- Chapter 12: Experiments: Navigating Through Unknown Territory -- Chapter 13: OKR Check-in Dashboards -- Conclusion -- Appendix -- About the Author -- Index -- Adpage -- Backcover. 330 $aLean OKRs presents insightful anecdotes, creative exercises, clear figures and step-by-step models. Designed as a comprehensive guide, it covers everything from theoretical roots to practical execution, including company-wide strategy alignment and emotional management. Applicable to small companies as well as large organizations, Lean OKRs drives innovation through behavioral changes, empowering and motivating teams through focused daily OKR practices that are simple to put into action. Practical and to the point, this book integrates a unique combination of structural and leadership strategies, resulting in a new approach to OKRs that conquers the hurdles experienced by most business leaders today. 410 0$aPortfolio and project management collection.$x2156-8200 517 $aMoving the Needle with Lean OKRs 606 $aManagement by objectives 606 $aStrategic planning 606 $aGoal setting in personnel management 610 $aGrowth. 610 $aInnovation. 610 $aObjectives and key results. 610 $aOKR. 610 $aOKRs. 610 $aLean. 610 $aGoal setting. 610 $aStrategy execution. 610 $aStretched goals. 610 $aEmpowered teams. 610 $aAgile. 610 $aCheck-ins. 610 $aMoving the needle. 610 $aBehavior change. 610 $aKey performance indicators/KPIs. 610 $aPerformance management. 610 $aMetrics. 610 $aExperiments. 610 $aCulture change. 610 $aWorkshops. 610 $aDashboard. 610 $aQuality. 610 $aProject. 610 $aProject management. 615 0$aManagement by objectives. 615 0$aStrategic planning. 615 0$aGoal setting in personnel management. 676 $a658.301 700 $aden Haak$b Bart$01487872 801 0$bMiAaPQ 801 1$bMiAaPQ 801 2$bMiAaPQ 906 $aBOOK 912 $a9910795354203321 996 $aMoving the Needle with Lean OKRs$93707979 997 $aUNINA LEADER 03969nam 22006135 450 001 9910373939403321 005 20240207124350.0 010 $a3-658-29180-X 024 7 $a10.1007/978-3-658-29180-8 035 $a(CKB)4900000000505030 035 $a(MiAaPQ)EBC6006601 035 $a(DE-He213)978-3-658-29180-8 035 $a(EXLCZ)994900000000505030 100 $a20200104d2020 u| 0 101 0 $aeng 135 $aurcnu|||||||| 181 $ctxt$2rdacontent 182 $cc$2rdamedia 183 $acr$2rdacarrier 200 10$aChildhood and Children?s Rights between Research and Activism $eHonouring the Work of Manfred Liebel /$fherausgegeben von Rebecca Budde, Urszula Markowska-Manista 205 $a1st ed. 2020. 210 1$aWiesbaden :$cSpringer Fachmedien Wiesbaden :$cImprint: Springer VS,$d2020. 215 $a1 online resource (xiv, 278 pages) $cillustrations 311 $a3-658-29179-6 327 $aTheories of childhood -- Children?s rights discourses -- Agency, protagonism, political activism -- Researching and teaching -- Conceptualisations and approaches to children?s rights and childhood. 330 $aSubjective human rights of children are reasonably fathomed cooperatively by practice, activism and research. Approaches in interdisciplinary learning and teaching in childhood and children?s rights are demonstrated as possibilities for social change through acquiring competencies to think and act children?s rights. This book is dedicated to Manfred Liebel and focuses on his life?s work. He has, throughout his life and work, combined social scientific childhood theories and children?s rights discourses with practical, topical examples of protagonism and agency of children and young people in different national and international contexts. Contents Theories of childhood Children?s rights discourses Agency, protagonism, political activism Researching and teaching Conceptualisations and approaches to children?s rights and childhood Target Groups Lecturers and students of children?s rights, pedagogy, sociology, political sciences, law and international development Decision makers and human rights activists in politics, NGOs The Editors Rebecca Budde ? academic coordinator of the MA Childhood Studies and Children?s Rights at University of Applied Sciences, Potsdam. Urszula Markowska-Manista ? field researcher in education and childhood studies, director of M.A. Childhood Studies and Children's Rights at University of Applied Sciences, Potsdam; assistant Professor at University of Warsaw. Research interests: rights, childhood and education of children in fragile contexts in culturally diverse environments. 606 $aChildren 606 $aAdolescence 606 $aSocial structure 606 $aEquality 606 $aHuman rights 606 $aChildhood, Adolescence and Society$3https://scigraph.springernature.com/ontologies/product-market-codes/X22090 606 $aSocial Structure, Social Inequality$3https://scigraph.springernature.com/ontologies/product-market-codes/X22010 606 $aHuman Rights$3https://scigraph.springernature.com/ontologies/product-market-codes/R19020 608 $aFestschriften.$2fast 608 $aFestschriften.$2lcgft 615 0$aChildren. 615 0$aAdolescence. 615 0$aSocial structure. 615 0$aEquality. 615 0$aHuman rights. 615 14$aChildhood, Adolescence and Society. 615 24$aSocial Structure, Social Inequality. 615 24$aHuman Rights. 676 $a323.352 702 $aBudde$b Rebecca$4edt$4http://id.loc.gov/vocabulary/relators/edt 702 $aMarkowska-Manista$b Urszula$4edt$4http://id.loc.gov/vocabulary/relators/edt 801 0$bMiAaPQ 801 1$bMiAaPQ 801 2$bMiAaPQ 906 $aBOOK 912 $a9910373939403321 996 $aChildhood and Children?s Rights between Research and Activism$92139465 997 $aUNINA